000 00685nam a22001937a 4500
008 160715b xxu||||| |||| 00| 0 eng d
020 _a978-0-674-02713-8 (alk. paper)
020 _a0-674-02713-2 (alk. paper)
082 _22007
_aDC 576.509
_bEn2a
100 _911365
_aEndersby, Jim
245 _aA guinea pig's history of biology/
_cJim Endersby.
260 _aCambridge, Mass.:
_bHarvard University Press,
_cc2007.
300 _axii, 499 pages:
_billustrations;
_c25 cm.
500 _aIncludes bibliographical references and index.
650 0 _911366
_aHeredity
_vHistory
650 0 _911367
_aGenetics
_vHistory
650 0 _911368
_aBiology
_vHistory
942 _2ddc
_cDC
999 _c3407
_d3407